Como evaluar su potencial emprendedor : Guía de planificación para pequeñas empresas. / Douglas A. Gray. [et al.] (Registro nro. 14536)
[ vista simple ]
| 000 -LÍDER | |
|---|---|
| fixed length control field | 00585nam a2200169 4500 |
| 008 - ELEMENTOS DE LONGITUD FIJA -- INFORMACIÓN GENERAL | |
| fixed length control field | 0 1994 0x 000 0ARG |
| 020 ## - NÚMERO INTERNACIONAL NORMALIZADO PARA LIBROS | |
| ISBN | 950-641-191-3 |
| 050 ## - SIGNATURA TOPOGRAFICA DE LA BIBLIOTECA DEL CONGRESO (LC) | |
| Número de Clasificación | HB615 G73 1994 |
| 082 ## - NUMERO DE CLASIFICACION DECIMAL DEWEY | |
| Número de Clasificación | 658.4 G778c |
| 100 ## - ASIENTO PRINCIPAL--NOMBRE PERSONAL | |
| Nombre personal | Gray A. Douglas. |
| 245 ## - TÍTULO | |
| Título | Como evaluar su potencial emprendedor : Guía de planificación para pequeñas empresas. / Douglas A. Gray. [et al.] |
| 260 ## - PUBLICACIÓN, DISTRIBUCIÓN, ETC. (PIE DE IMPRENTA) | |
| Lugar de publicación, distribución, etc. | Argentina : Granica - Vergara |
| 300 ## - DESCRIPCIÓN FÍSICA | |
| Extensión | 192 p. / 24 cm. |
| 500 ## - NOTA GENERAL | |
| Nota general | Incluye, índice |
| 650 ## - ASIENTO SECUNDARIO DE MATERIA - TERMINO TEMÁTICO | |
| Término temático o nombre geográfico como elemento de entrada | 1.- ADMINISTRACION. 2.- EMPRESARIOS. 3.- MICROEMPRESAS. |
| 700 ## - ASIENTO SECUNDARIO - NOMBRE PERSONAL | |
| Nombre personal | Cyr G. Donald. |
| No. biblioteca | No. biblioteca | Número de clasificación | Código de barras/Número de adquisición | Número de copia | Tipo de material |
|---|---|---|---|---|---|
| LUIS G. INCLAN | LUIS G. INCLAN | 658.4 G778c | 39551 | 1 | Libros |
| LUIS G. INCLAN | LUIS G. INCLAN | 658.4 G778c | 39552 | 2 | Libros |
| LUIS G. INCLAN | LUIS G. INCLAN | 658.4 G778c | 39553 | 3 | Libros |
| LUIS G. INCLAN | LUIS G. INCLAN | 658.4 G778c | 39554 | 4 | Libros |
